000 00570nam a2200193Ia 4500
003 GCL
008 140319s9999 xx 000 0 ara d
040 _aGCL /
_cGCL
082 0 4 _a819.9
_bع ع
100 1 _aعباس محمود العقاد
245 1 0 _aعبقرية عمر /
_cعباس محمود العقاد
260 _a[S.N] :
_bالمكتبة التجارية الكبرى ،
_c1942
300 _a459 ص
490 _a
650 0 4 _aالتراجم
650 0 4 _aعمر بن الخطاب
650 0 4 _aالصحابة والتابعون
942 _2ddc
_cBK
999 _c36596
_d36596